Analýza důchodového zabezpečení v ČR a alternativní možnosti zabezpečení finančních prostředků pro důstojné stáří

Možnosti a prístupy k vytvoreniu finančných prostriedkov pre dôstojné stárnutie z pohľadu jednotlivca, budúceho penzistu v Českej republike, na investície do nehnuteľností.

Saved in:
Bibliographic Details
Main Author: Uhman, Jiří
Format: Book Chapter
Language:Czech
Subjects:
Tags: Add Tag
No Tags, Be the first to tag this record!

MARC

LEADER 00000naa a2200000 4500
001 0249726
005 20260205071636.2
041 0 |a cze 
044 |a SK 
245 1 0 |a Analýza důchodového zabezpečení v ČR a alternativní možnosti zabezpečení finančních prostředků pro důstojné stáří  |c Jiří Uhman 
520 |a Možnosti a prístupy k vytvoreniu finančných prostriedkov pre dôstojné stárnutie z pohľadu jednotlivca, budúceho penzistu v Českej republike, na investície do nehnuteľností. 
610 2 0 |a Česko 
610 2 0 |a stratégia investičná 
610 2 0 |a nehnuteľnosti 
610 2 0 |a dôchodcovia 
610 2 0 |a dôchodky 
100 1 |a Uhman, Jiří